000 00291nam a22001337a 4500
008 170717b xxu||||| |||| 00| 0 eng d
020 _a9780808403197
041 _aeng
080 _a101
100 _a24
101 _aFIL
245 _aWHAT IS PHILOSOPHY?
_cHEIDEGGER, M
942 _2udc
_cBK
999 _c21331
_d21331